<?xml version="1.0" encoding="UTF-8"?>
<record
    xmlns:xsi="http://www.w3.org/2001/XMLSchema-instance"
    xsi:schemaLocation="http://www.loc.gov/MARC21/slim http://www.loc.gov/standards/marcxml/schema/MARC21slim.xsd"
    xmlns="http://www.loc.gov/MARC21/slim">

  <leader>00303nam a22001337a 4500</leader>
  <controlfield tag="003">SGT</controlfield>
  <datafield tag="020" ind1=" " ind2=" ">
    <subfield code="a">978-93-272-5754-0</subfield>
  </datafield>
  <datafield tag="082" ind1=" " ind2=" ">
    <subfield code="a">631.4</subfield>
    <subfield code="b">DAS</subfield>
  </datafield>
  <datafield tag="100" ind1=" " ind2=" ">
    <subfield code="a">DAS, DILIP KUMAR </subfield>
  </datafield>
  <datafield tag="245" ind1=" " ind2=" ">
    <subfield code="a">INTRODUCTORY SOIL SCIENCE </subfield>
  </datafield>
  <datafield tag="260" ind1=" " ind2=" ">
    <subfield code="a">LUDHIANA</subfield>
    <subfield code="b">KALYANI PUB. </subfield>
    <subfield code="c">2021</subfield>
  </datafield>
  <datafield tag="300" ind1=" " ind2=" ">
    <subfield code="a">879</subfield>
  </datafield>
  <datafield tag="942" ind1=" " ind2=" ">
    <subfield code="2">ddc</subfield>
    <subfield code="c">BK</subfield>
    <subfield code="0">26</subfield>
  </datafield>
  <datafield tag="952" ind1=" " ind2=" ">
    <subfield code="0">0</subfield>
    <subfield code="1">0</subfield>
    <subfield code="2">ddc</subfield>
    <subfield code="4">0</subfield>
    <subfield code="7">0</subfield>
    <subfield code="a">SSSL</subfield>
    <subfield code="b">SSSL</subfield>
    <subfield code="c">TXT</subfield>
    <subfield code="d">2022-02-22</subfield>
    <subfield code="e">ABC</subfield>
    <subfield code="g">550.00</subfield>
    <subfield code="i">SGTU</subfield>
    <subfield code="l">4</subfield>
    <subfield code="o">631.4 DAS</subfield>
    <subfield code="p">AG1572</subfield>
    <subfield code="r">2026-02-25 00:00:00</subfield>
    <subfield code="s">2026-02-13</subfield>
    <subfield code="w">0000-00-00</subfield>
    <subfield code="y">BK</subfield>
    <subfield code="k">13649</subfield>
  </datafield>
  <datafield tag="952" ind1=" " ind2=" ">
    <subfield code="0">0</subfield>
    <subfield code="1">0</subfield>
    <subfield code="2">ddc</subfield>
    <subfield code="4">0</subfield>
    <subfield code="7">0</subfield>
    <subfield code="a">SSSL</subfield>
    <subfield code="b">SSSL</subfield>
    <subfield code="c">TXT</subfield>
    <subfield code="d">2022-02-22</subfield>
    <subfield code="e">ABC</subfield>
    <subfield code="g">550.00</subfield>
    <subfield code="i">SGTU</subfield>
    <subfield code="l">9</subfield>
    <subfield code="o">631.4 DAS</subfield>
    <subfield code="p">AG1573</subfield>
    <subfield code="r">2025-11-12 00:00:00</subfield>
    <subfield code="s">2025-10-29</subfield>
    <subfield code="w">0000-00-00</subfield>
    <subfield code="y">BK</subfield>
    <subfield code="k">13649</subfield>
  </datafield>
  <datafield tag="952" ind1=" " ind2=" ">
    <subfield code="0">0</subfield>
    <subfield code="1">0</subfield>
    <subfield code="2">ddc</subfield>
    <subfield code="4">0</subfield>
    <subfield code="7">0</subfield>
    <subfield code="a">SSSL</subfield>
    <subfield code="b">SSSL</subfield>
    <subfield code="c">TXT</subfield>
    <subfield code="d">2022-02-22</subfield>
    <subfield code="e">ABC</subfield>
    <subfield code="g">550.00</subfield>
    <subfield code="i">SGTU</subfield>
    <subfield code="l">8</subfield>
    <subfield code="o">631.4 DAS</subfield>
    <subfield code="p">AG1574</subfield>
    <subfield code="r">2025-01-15 00:00:00</subfield>
    <subfield code="s">2025-01-13</subfield>
    <subfield code="w">0000-00-00</subfield>
    <subfield code="y">BK</subfield>
    <subfield code="k">13649</subfield>
  </datafield>
  <datafield tag="952" ind1=" " ind2=" ">
    <subfield code="0">0</subfield>
    <subfield code="1">0</subfield>
    <subfield code="2">ddc</subfield>
    <subfield code="4">0</subfield>
    <subfield code="7">0</subfield>
    <subfield code="a">SSSL</subfield>
    <subfield code="b">SSSL</subfield>
    <subfield code="c">TXT</subfield>
    <subfield code="d">2022-02-22</subfield>
    <subfield code="e">ABC</subfield>
    <subfield code="g">550.00</subfield>
    <subfield code="i">SGTU</subfield>
    <subfield code="l">7</subfield>
    <subfield code="m">1</subfield>
    <subfield code="o">631.4 DAS</subfield>
    <subfield code="p">AG1575</subfield>
    <subfield code="r">2025-03-05 00:00:00</subfield>
    <subfield code="s">2025-02-03</subfield>
    <subfield code="w">0000-00-00</subfield>
    <subfield code="y">BK</subfield>
    <subfield code="k">13649</subfield>
  </datafield>
  <datafield tag="999" ind1=" " ind2=" ">
    <subfield code="c">22183</subfield>
    <subfield code="d">22183</subfield>
  </datafield>
</record>
